000 00970nam a2200265 a 4500
001 000021242
005 20240430192052.0
008 100902s1984 ag r 000 | spa d
020 _a950937704x
040 _aDO-SdBNP
_bspa
_cBNPHU
082 _a303.625
_bC641t
100 1 _aCline, Ray S.
_944399
240 1 0 _aTerrorism : the soviet connection /
_lespañol
245 1 0 _aTerrorismo :
_bla conexión soviética /
_cRay S. Cline, Yonah Alexander, versión española Margaret Tripp de Fernández.
260 _aBuenos Aires, (Argentina) :
_bEditorial Clio,
_c1984.
300 _a168 p. :
_bil. ;
_c19 cm.
500 _aIncluye referencias bibliográfícas
534 _aTítulo original :
_tTerrorism : the soviet connection.
650 0 _aTerrorismo
_93230
650 4 _aTerrorismo
_zUnión Soviética
_944400
650 4 _aTerrorismo
_xLegislación
_944401
700 1 _aAlexander, Yonah
_944402
700 1 _aTripp de Fernández, Margaret
_944403
049 _aBNGR
999 _c20743
_d20743